| 000 | 01232naa a22003257a 4500 | ||
|---|---|---|---|
| 001 | BR6009841 | ||
| 003 | BR-BrBNA | ||
| 005 | 20240918173116.0 | ||
| 007 | ta | ||
| 008 | 230509b bl.||||| |||| 00| 0 por d | ||
| 040 |
_aBR-BrBNA _bpor _cBiblioteca Nacional de Agricultura |
||
| 041 | _a(Pt) | ||
| 072 |
_aH10 _b2120 _b4020 _b3877 |
||
| 090 | _aH10 BR6009841 | ||
| 100 | 1 | _aAmaral, S.F. do | |
| 111 | 1 |
_a4. Reuniao de Fitossanitaristas do Brasil _cRio de Janeiro, GB (Brazil) _d21 Oct 1957 |
|
| 245 | 1 | _aConsideracoes sobre as cochinilhas e o bicho mineiro do cafeeiro [Praga de planta; Antonina graminis; Perileucoptera coffeella; Coffea arabica] | |
| 260 | 3 |
_aRio de Janeiro, GB (Brasil): _c1958. |
|
| 500 | _aAnais da 4. Reuniao de Fitossanitaristas do Brasil Rio de Janeiro, GB (Brasil): 1958. p. 67-71 (BR6009841-AM)H10 | ||
| 650 | _aPraga de planta | ||
| 650 | _aCochonilha | ||
| 650 | _aBicho mineiro | ||
| 650 | _aCafe | ||
| 650 | _aInseticida de contato | ||
| 650 | _aPulverizacao | ||
| 650 | _aControle quimico | ||
| 773 | 0 |
_tAnais da 4. Reuniao de Fitossanitaristas do Brasil _wH10 BR6009841 _gRio de Janeiro, GB (Brasil), 1958. p. 67-71 |
|
| 909 |
_a202404 _bLucia _c55 _dLucia Elande |
||
| 942 |
_cAM _2AGRIS |
||
| 999 |
_c302922 _d302922 |
||